[Event "Riga Tech Rapid op"]
[Site "Riga"]
[Date "2023.08.06"]
[Round "6"]
[White "Limontas, Martynas"]
[Black "Olsen, William Alexander"]
[Result "1-0"]
[WhiteElo "2274"]
[BlackElo "2129"]
[PlyCount "91"]
[EventDate "2023.08.06"]
[EventType "swiss (rapid)"]
[EventRounds "9"]
[EventCountry "LAT"]
[SourceTitle "CBM 215 Extra"]
[Source "ChessBase"]
[SourceDate "2023.09.30"]
[SourceVersion "1"]
[SourceVersionDate "2023.09.30"]
[SourceQuality "1"]

1. d4 Nf6 2. c4 e6 3. Nc3 Bb4 4. g3 d5 5. Nf3 0-0 6. Qb3 Bxc3+ 7. Qxc3 Ne4 8. Qe3 b6 9. Bg2 Bb7 10. Nd2 Nd6 11. 0-0 Nd7 12. b3 c5 13. Bb2 Nf5 14. Qf4 Nxd4 15. Bxd4 cxd4 16. Qxd4 Qf6 17. e3 Rac8 18. Rfd1 Qxd4 19. exd4 Nf6 20. Rac1 Ba6 21. c5 bxc5 22. dxc5 Rc7 23. b4 Rb8 24. a3 Bb5 25. Rb1 Nd7 26. f4 a5 27. Bf1 Ba4 28. Rdc1 f6 29. Bh3 Kf7 30. Nf3 Nf8 31. Nd4 axb4 32. axb4 Bb5 33. Nxb5 Rxb5 34. Bf1 Rb8 35. c6 e5 36. fxe5 fxe5 37. b5 Rb6 38. Rc5 Ke6 39. Rd1 d4 40. Bc4+ Kf6 41. Rf1+ Kg6 42. Rxf8 e4 43. Re8 e3 44. Rd5 Ra7 45. Rxd4 Ra4 46. Bd3+ 1-0

[Event "NOR-chB"]
[Site "Oslo"]
[Date "2023.07.08"]
[Round "9"]
[White "Olsen, William Alexander"]
[Black "Ji, Jiahao Eric"]
[Result "1-0"]
[WhiteElo "1977"]
[BlackElo "1985"]
[PlyCount "91"]
[EventDate "2023.06.30"]
[EventType "swiss"]
[EventRounds "9"]
[EventCountry "NOR"]
[SourceTitle "EXT 2024"]
[Source "ChessBase"]
[SourceDate "2023.10.10"]
[SourceVersion "1"]
[SourceVersionDate "2023.10.10"]
[SourceQuality "1"]

1. e4 e6 2. Nf3 d5 3. Nc3 dxe4 4. Nxe4 Nd7 5. d4 Ngf6 6. Qe2 b6 7. Bg5 Be7 8. Ne5 Bb7 9. Ng3 Nd5 10. Bd2 Nxe5 11. dxe5 Qd7 12. a3 Bc5 13. 0-0-0 0-0-0 14. Ne4 Be7 15. f3 Qa4 16. Qc4 Qxc4 17. Bxc4 c5 18. h4 h6 19. h5 a6 20. Bd3 b5 21. c4 Nc7 22. Ba5 Rd4 23. cxb5 axb5 24. Bxc7 Kxc7 25. Bxb5 Bxe4 26. Rxd4 cxd4 27. fxe4 Bg5+ 28. Kc2 Bf4 29. Rf1 Bxe5 30. Rxf7+ Kb6 31. Bc4 Rd8 32. Kd3 Rc8 33. Re7 Rc6 34. b4 Bf6 35. Rxe6 Rxe6 36. Bxe6 Be5 37. Kc4 Kc6 38. a4 Bf6 39. a5 d3 40. Bd5+ Kc7 41. Kxd3 Be7 42. Kc4 Bd6 43. b5 Be5 44. b6+ Kd8 45. a6 Bf4 46. a7 1-0

[Event "NOR-chB"]
[Site "Oslo"]
[Date "2023.07.06"]
[Round "7"]
[White "Olsen, William Alexander"]
[Black "Fiskaaen, Martin Holten"]
[Result "1/2-1/2"]
[WhiteElo "1977"]
[BlackElo "2074"]
[PlyCount "76"]
[EventDate "2023.06.30"]
[EventType "swiss"]
[EventRounds "9"]
[EventCountry "NOR"]
[SourceTitle "EXT 2024"]
[Source "ChessBase"]
[SourceDate "2023.10.10"]
[SourceVersion "1"]
[SourceVersionDate "2023.10.10"]
[SourceQuality "1"]

1. e4 c5 2. Nc3 Nc6 3. f4 g6 4. Nf3 Bg7 5. Bb5 Nd4 6. 0-0 Nxb5 7. Nxb5 a6 8. Nc3 b5 9. d3 Bb7 10. Qe1 d6 11. Qg3 Qd7 12. a4 b4 13. Nd1 d5 14. e5 Nh6 15. Qf2 d4 16. h3 f6 17. exf6 Bxf6 18. b3 Nf7 19. Nb2 0-0-0 20. Nc4 Kb8 21. Nfe5 Qd5 22. Qg3 Ka7 23. Bd2 Nd6 24. Nxd6 exd6 25. Nf3 Rde8 26. Rf2 Re7 27. Ng5 Rhe8 28. Ne4 Re6 29. Raf1 Qf5 30. Nxf6 Rxf6 31. Qg5 h5 32. Re1 Rxe1+ 33. Bxe1 Qxg5 34. fxg5 Rxf2 35. Bxf2 Kb6 36. Bg3 Kc7 37. Kf2 Kd7 38. Bf4 Ke6 1/2-1/2

[Event "NOR-chB"]
[Site "Oslo"]
[Date "2023.07.03"]
[Round "3"]
[White "Strand, Vetle Bjorge"]
[Black "Olsen, William Alexander"]
[Result "0-1"]
[WhiteElo "2116"]
[BlackElo "1977"]
[PlyCount "98"]
[EventDate "2023.06.30"]
[EventType "swiss"]
[EventRounds "9"]
[EventCountry "NOR"]
[SourceTitle "EXT 2024"]
[Source "ChessBase"]
[SourceDate "2023.10.10"]
[SourceVersion "1"]
[SourceVersionDate "2023.10.10"]
[SourceQuality "1"]

1. e4 c5 2. Nf3 Nc6 3. Bb5 g6 4. Bxc6 bxc6 5. 0-0 Bg7 6. d3 d6 7. Nbd2 e5 8. b3 f5 9. exf5 gxf5 10. Bb2 Nf6 11. Nc4 0-0 12. Nfd2 Nd5 13. Kh1 Nf4 14. Nf3 Be6 15. Ne3 Ng6 16. Rg1 f4 17. Nf1 Nh4 18. N1d2 Rf5 19. Ne1 d5 20. c4 Qg5 21. a3 Qh6 22. b4 Ng6 23. Nf1 dxc4 24. dxc4 e4 25. Bxg7 Qxg7 26. Rc1 Qd4 27. Qxd4 cxd4 28. Nd2 e3 29. fxe3 fxe3 30. Ndf3 Rd8 31. Nc2 Rxf3 32. gxf3 e2 33. Ne1 d3 34. Nxd3 Rxd3 35. Kg2 Rd2 36. Kf2 Kf7 37. Ke3 Ra2 38. Ke4 Kf6 39. Rge1 Ne5 40. Rc3 Bxc4 41. f4 Bd5+ 42. Ke3 Ng4+ 43. Kd3 Kf5 44. Rxe2 Nf2+ 45. Rxf2 Rxf2 46. Kd4 Rxf4+ 47. Kc5 Rf3 48. Rc2 Rxa3 49. Kd6 Rb3 0-1

[Event "EU-ch Online U12"]
[Site "Tornelo INT"]
[Date "2020.09.19"]
[Round "6"]
[White "Fizer, Marek"]
[Black "Olsen, William Alexander"]
[Result "1-0"]
[WhiteElo "1464"]
[BlackElo "1715"]
[PlyCount "75"]
[EventDate "2020.09.18"]
[EventType "swiss (rapid)"]
[EventRounds "9"]
[EventCountry "NET"]
[SourceTitle "EXT 2023"]
[Source "ChessBase"]
[SourceDate "2022.10.05"]
[SourceVersion "1"]
[SourceVersionDate "2022.10.05"]
[SourceQuality "1"]
[WhiteTeam "Czech Republic"]
[BlackTeam "Norway"]
[WhiteTeamCountry "CZE"]
[BlackTeamCountry "NOR"]

1. e4 e5 2. Nf3 Nc6 3. Bb5 a6 4. Ba4 Nf6 5. d3 d6 6. c3 b5 7. Bb3 Be7 8. 0-0 Na5 9. Bc2 c5 10. a4 0-0 11. axb5 Qb6 12. b4 Nb7 13. Be3 Qxb5 14. Ba4 Qb6 15. Na3 Qc7 16. Nc4 Be6 17. bxc5 Bxc4 18. cxd6 Nxd6 19. dxc4 Ndxe4 20. Bb3 Nxc3 21. Qc2 Nce4 22. Rfe1 Rfe8 23. Bc1 Nc5 24. Bd2 e4 25. Nd4 Bd6 26. h3 Rad8 27. Ba5 Qe7 28. Nc6 Qd7 29. Nxd8 Rxd8 30. Bxd8 Qxd8 31. Red1 Nd3 32. Rxa6 Ne8 33. Qe2 Nc5 34. Ra3 Qb6 35. Ba4 Nf6 36. Bb5 h6 37. Qe3 Qb7 38. Rxd6 1-0

[Event "Oslo OSS-ch Junior-A"]
[Site "Oslo"]
[Date "2020.06.24"]
[Round "1"]
[White "Melaa, Sondre Lillestol"]
[Black "Olsen, William Alexander"]
[Result "1-0"]
[WhiteElo "2115"]
[BlackElo "1764"]
[PlyCount "93"]
[EventDate "2020.06.24"]
[EventType "swiss"]
[EventRounds "5"]
[EventCountry "NOR"]
[SourceTitle "EXT 2024"]
[Source "ChessBase"]
[SourceDate "2023.10.10"]
[SourceVersion "1"]
[SourceVersionDate "2023.10.10"]
[SourceQuality "1"]

1. d4 Nf6 2. c4 g6 3. g3 Bg7 4. Bg2 d5 5. cxd5 Nxd5 6. Nf3 0-0 7. 0-0 c6 8. e4 Nb6 9. h3 Be6 10. Kh2 Qc8 11. Qc2 Rd8 12. Rd1 a5 13. Qc5 N8d7 14. Qxe7 Nc4 15. Qh4 Nde5 16. Ng5 h5 17. Nc3 Nd7 18. Nxe6 fxe6 19. Qg5 Nf8 20. Qc5 Nd6 21. Bf4 Nf7 22. Rac1 e5 23. dxe5 Ne6 24. Qe7 Re8 25. Nd5 g5 26. Be3 Bxe5 27. Qa3 Qd8 28. Nb6 Qf6 29. Nxa8 Rxa8 30. Qb3 h4 31. Rf1 Nf4 32. Qxb7 Rb8 33. Qxc6 Nd6 34. Bxf4 gxf4 35. Qd5+ Kh8 36. Rc5 Nf7 37. Rc6 Qg7 38. Qd7 hxg3+ 39. Kh1 f3 40. Rc8+ Rxc8 41. Qxc8+ Kh7 42. Qf5+ Kh8 43. Qxf3 Ng5 44. Qh5+ Kg8 45. f4 Nxe4 46. Qxe5 Nf2+ 47. Rxf2 1-0

[Event "Kragero op-B"]
[Site "Kragero"]
[Date "2020.02.22"]
[Round "7"]
[White "Sekkingstad, Thomas"]
[Black "Olsen, William Alexander"]
[Result "1-0"]
[WhiteElo "1758"]
[BlackElo "1862"]
[PlyCount "93"]
[EventDate "2020.02.19"]
[EventType "swiss"]
[EventRounds "9"]
[EventCountry "NOR"]
[SourceTitle "CBM 195 Extra"]
[Source "ChessBase"]
[SourceDate "2020.05.31"]
[SourceVersion "1"]
[SourceVersionDate "2020.05.31"]
[SourceQuality "1"]

1. d4 Nf6 2. c4 e6 3. Nc3 Bb4 4. Qc2 d5 5. Nf3 0-0 6. Bg5 c6 7. e3 Nbd7 8. Rc1 h6 9. Bh4 Qa5 10. a3 Bd6 11. Be2 dxc4 12. Bxc4 c5 13. 0-0 cxd4 14. Nb5 Bb8 15. b4 Qd8 16. Nbxd4 a6 17. Rfd1 b5 18. Nc6 Qb6 19. Nxb8 Rxb8 20. Be2 Bb7 21. Nd4 Rbc8 22. Qb2 Bd5 23. Rxc8 Rxc8 24. Rc1 Qb7 25. Bf3 Ne4 26. Bg3 Nb6 27. Bxe4 Bxe4 28. f3 Bd5 29. e4 Bc4 30. Bf2 Nd7 31. Nc2 f6 32. Ne3 Ne5 33. Nxc4 Nd3 34. Nd6 Rxc1+ 35. Qxc1 Qe7 36. Qc8+ Kh7 37. Nb7 Nxb4 38. axb4 Qxb4 39. Qc2 Qa3 40. h3 a5 41. e5+ f5 42. Nd6 Qa1+ 43. Kh2 Qxe5+ 44. Bg3 Qd5 45. Qb2 b4 46. Qe5 Qa2 47. Ne8 1-0

[Event "Kragero op-B"]
[Site "Kragero"]
[Date "2020.02.21"]
[Round "5"]
[White "Austad, Eirik Strom"]
[Black "Olsen, William Alexander"]
[Result "1-0"]
[WhiteElo "1796"]
[BlackElo "1862"]
[PlyCount "139"]
[EventDate "2020.02.19"]
[EventType "swiss"]
[EventRounds "9"]
[EventCountry "NOR"]
[SourceTitle "CBM 195 Extra"]
[Source "ChessBase"]
[SourceDate "2020.05.31"]
[SourceVersion "1"]
[SourceVersionDate "2020.05.31"]
[SourceQuality "1"]

1. c4 e5 2. Nc3 Nf6 3. Nf3 Nc6 4. a3 a5 5. Qc2 Bc5 6. e3 d6 7. Be2 0-0 8. 0-0 Re8 9. d3 Bf5 10. b3 e4 11. dxe4 Nxe4 12. Bd3 Qe7 13. Nd5 Qd8 14. Nc3 Qe7 15. Nd5 Qd8 16. Nf4 g5 17. Nd5 g4 18. Ne1 Ne5 19. Bxe4 Bxe4 20. Qc3 c6 21. Nf4 d5 22. cxd5 Bf8 23. Bb2 Bg7 24. Qd2 cxd5 25. Rd1 Qb6 26. f3 gxf3 27. gxf3 Nxf3+ 28. Nxf3 Bxb2 29. Nxd5 Qg6+ 30. Kf2 Bg7 31. Nf4 Qg4 32. Qe2 Bg6 33. Rg1 Qf5 34. Rd5 Qf6 35. h4 Rac8 36. h5 Rc2 37. Rd2 Rxd2 38. Qxd2 Be4 39. Qd4 Qxd4 40. Nxd4 Kf8 41. Rc1 Bxd4 42. exd4 Rd8 43. Ke3 Bc6 44. Rc5 Ke7 45. Rxa5 Kd6 46. Rf5 Re8+ 47. Kd2 Re7 48. Rf6+ Kc7 49. d5 Rd7 50. Kc3 Bb5 51. a4 Bf1 52. a5 Kd8 53. d6 Bb5 54. Kb4 Bc6 55. Ne6+ Ke8 56. Ng5 Kf8 57. h6 Kg8 58. Kc5 Bg2 59. Rf2 Bh1 60. Re2 Rd8 61. d7 Bc6 62. Re7 Bxd7 63. Rxf7 Rc8+ 64. Kb6 Rc6+ 65. Kxb7 Rg6 66. Rxd7 Rxg5 67. Rg7+ Rxg7+ 68. hxg7 h5 69. a6 h4 70. a7 1-0

[Event "Kragero op-B"]
[Site "Kragero"]
[Date "2020.02.21"]
[Round "6"]
[White "Olsen, William Alexander"]
[Black "Shehzad, Alisha"]
[Result "1/2-1/2"]
[WhiteElo "1862"]
[BlackElo "1705"]
[PlyCount "108"]
[EventDate "2020.02.19"]
[EventType "swiss"]
[EventRounds "9"]
[EventCountry "NOR"]
[SourceTitle "CBM 195 Extra"]
[Source "ChessBase"]
[SourceDate "2020.05.31"]
[SourceVersion "1"]
[SourceVersionDate "2020.05.31"]
[SourceQuality "1"]

1. e4 c5 2. Nc3 Nc6 3. f4 g6 4. Nf3 Bg7 5. Bb5 Nd4 6. 0-0 a6 7. Bd3 e6 8. e5 Nxf3+ 9. Qxf3 d5 10. a4 b6 11. b3 Ne7 12. Ba3 Qc7 13. Qf2 Nc6 14. Rab1 Rb8 15. a5 Nxa5 16. b4 Nb7 17. bxc5 Nxc5 18. Bxc5 bxc5 19. Rxb8 Qxb8 20. Qxc5 Bf8 21. Qc6+ Bd7 22. Qxa6 Bc5+ 23. Kh1 0-0 24. Ne2 Qb2 25. Nc3 Rb8 26. g4 Qb7 27. Rb1 Qa7 28. Rxb8+ Qxb8 29. Bb5 Bc8 30. Qc6 Ba7 31. Ne2 Bb7 32. Qd6 Qxd6 33. exd6 d4+ 34. Kg1 d3+ 35. Kf1 dxe2+ 36. Kxe2 Kf8 37. c3 Bb8 38. d7 Ke7 39. Ke3 g5 40. fxg5 Bxh2 41. c4 Bc7 42. d4 Kd6 43. c5+ Kd5 44. Bd3 e5 45. Be4+ Kc4 46. Bxb7 exd4+ 47. Ke4 Kxc5 48. Bd5 Bd8 49. Bxf7 Bxg5 50. Bg8 Kd6 51. Bxh7 Kxd7 52. Kxd4 Ke6 53. Ke4 Kf6 54. Bf5 Bc1 1/2-1/2

[Event "Kragero op-B"]
[Site "Kragero"]
[Date "2020.02.19"]
[Round "2"]
[White "Lystad, Maximilian L"]
[Black "Olsen, William Alexander"]
[Result "1-0"]
[WhiteElo "1710"]
[BlackElo "1862"]
[PlyCount "115"]
[EventDate "2020.02.19"]
[EventType "swiss"]
[EventRounds "9"]
[EventCountry "NOR"]
[SourceTitle "CBM 195 Extra"]
[Source "ChessBase"]
[SourceDate "2020.05.31"]
[SourceVersion "1"]
[SourceVersionDate "2020.05.31"]
[SourceQuality "1"]

1. c4 e5 2. g3 Nf6 3. Bg2 Bc5 4. Nc3 c6 5. d3 d5 6. Nf3 dxc4 7. Nxe5 Bxf2+ 8. Kxf2 Qd4+ 9. e3 Qxe5 10. d4 Qe7 11. h3 Na6 12. Qe2 Be6 13. b3 cxb3 14. axb3 Nd5 15. Nxd5 cxd5 16. Qb5+ Qd7 17. Qxd7+ Kxd7 18. Ba3 Rhc8 19. Rhc1 f5 20. Bc5 Nxc5 21. Rxc5 Kd6 22. Raa5 Rxc5 23. dxc5+ Kc7 24. b4 a6 25. Ke2 Rd8 26. Kd3 Bd7 27. Kd4 Bc6 28. Ra2 Kd7 29. Ke5 Re8+ 30. Kf4 Ke6 31. h4 Kf6 32. Rd2 Re5 33. Rd4 g6 34. Kf3 h6 35. Kf2 g5 36. Bf3 Ke6 37. g4 gxh4 38. gxf5+ Rxf5 39. Rxh4 d4 40. e4 Rf6 41. Ke2 Bb5+ 42. Kf2 d3 43. Ke3 Rxf3+ 44. Kxf3 d2 45. Rxh6+ Ke5 46. Rd6 Bc6 47. Rxd2 Bxe4+ 48. Ke3 Bc6 49. Rd6 Bh1 50. Kd3 Bg2 51. Kc3 Bf1 52. Kb3 Bb5 53. Rb6 Kd5 54. Rxb7 Kc6 55. Rb6+ Kd5 56. Rd6+ Ke5 57. Ka3 Bc4 58. Ka4 1-0

[Event "NOR-ch U12"]
[Site "Larvik"]
[Date "2019.07.05"]
[Round "1"]
[White "Olsen, William Alexander"]
[Black "Anfindsen, Andreas Gautestad"]
[Result "1-0"]
[WhiteElo "1764"]
[BlackElo "1128"]
[PlyCount "63"]
[EventDate "2019.07.05"]
[EventType "swiss"]
[EventRounds "9"]
[EventCountry "NOR"]
[SourceTitle "EXT 2024"]
[Source "ChessBase"]
[SourceDate "2023.10.10"]
[SourceVersion "1"]
[SourceVersionDate "2023.10.10"]
[SourceQuality "1"]

1. Nf3 c5 2. c4 Nf6 3. g3 e6 4. Bg2 Nc6 5. 0-0 Be7 6. d4 0-0 7. Nc3 d5 8. dxc5 Bxc5 9. cxd5 Nxd5 10. Nxd5 exd5 11. a3 Bf5 12. b4 Bb6 13. Bb2 a5 14. b5 Ne7 15. Nd4 Be4 16. Bxe4 dxe4 17. e3 Qd7 18. Qh5 Rac8 19. Qe5 Ng6 20. Qxe4 Rfe8 21. Qf5 Qd6 22. Rfd1 Rc5 23. Qf3 Qe7 24. Rac1 Ne5 25. Qe4 Qf6 26. f4 Rd5 27. Qxd5 Ng4 28. Qd7 Rd8 29. Qxg4 Qe7 30. Re1 Qe4 31. Rc8 Qe7 32. Nf5 1-0

[Event "NOR-chT Club"]
[Site "Drammen"]
[Date "2019.05.30"]
[Round "5"]
[White "Barstad, Thoralf"]
[Black "Olsen, William Alexander"]
[Result "1/2-1/2"]
[WhiteElo "1710"]
[BlackElo "1744"]
[PlyCount "103"]
[EventDate "2019.05.30"]
[EventType "team-swiss"]
[EventRounds "6"]
[EventCountry "NOR"]
[SourceTitle "CBM 190 Extra"]
[Source "ChessBase"]
[SourceDate "2019.07.15"]
[SourceVersion "1"]
[SourceVersionDate "2019.07.15"]
[SourceQuality "1"]
[WhiteTeam "Nordstrand IV"]
[BlackTeam "Baerum II"]
[WhiteTeamCountry "NOR"]
[BlackTeamCountry "NOR"]

1. d4 Nf6 2. c4 e6 3. Nf3 b6 4. g3 Ba6 5. b3 d5 6. cxd5 exd5 7. Bg2 c6 8. 0-0 Bd6 9. Re1 0-0 10. Bb2 Nbd7 11. Nc3 Re8 12. e3 Rc8 13. a3 Ne4 14. Nxe4 dxe4 15. Nd2 Nf6 16. b4 Qe7 17. Rc1 Qe6 18. Qb3 Qxb3 19. Nxb3 Bd3 20. Bf1 Bxf1 21. Rxf1 Nd5 22. Rc2 Rc7 23. Rfc1 Rec8 24. Nd2 f5 25. Nc4 Bf8 26. Ne5 c5 27. dxc5 bxc5 28. bxc5 Bxc5 29. Nd7 Rxd7 30. Rxc5 Rxc5 31. Rxc5 Nxe3 32. fxe3 Rd1+ 33. Kf2 Rd2+ 34. Kf1 Rxb2 35. Rxf5 Rb3 36. Ra5 Rxe3 37. Rxa7 Rb3 38. Ke2 h5 39. a4 Ra3 40. a5 Kh7 41. a6 Kh6 42. Ra8 Kg5 43. a7 Kg4 44. Re8 Rxa7 45. Rxe4+ Kf5 46. Rf4+ Ke5 47. h4 g6 48. Rb4 Ra2+ 49. Kf3 Ra3+ 50. Kf2 Ra2+ 51. Kf3 Ra3+ 52. Kf2 1/2-1/2

[Event "NOR-chT Club"]
[Site "Drammen"]
[Date "2019.05.30"]
[Round "1.9"]
[White "Olsen, William Alexander"]
[Black "Kolas, Tore"]
[Result "1/2-1/2"]
[WhiteElo "1744"]
[BlackElo "2120"]
[PlyCount "63"]
[EventDate "2019.05.30"]
[EventType "team-swiss"]
[EventRounds "6"]
[EventCountry "NOR"]
[SourceTitle "CBM 190 Extra"]
[Source "ChessBase"]
[SourceDate "2019.07.15"]
[SourceVersion "1"]
[SourceVersionDate "2019.07.15"]
[SourceQuality "1"]
[WhiteTeam "Baerum II"]
[BlackTeam "Trondheim"]
[WhiteTeamCountry "NOR"]
[BlackTeamCountry "NOR"]

1. Nf3 c5 2. c4 Nc6 3. d4 cxd4 4. Nxd4 g6 5. g3 Bg7 6. Nxc6 bxc6 7. Bg2 e6 8. 0-0 d5 9. cxd5 cxd5 10. e4 Ne7 11. Re1 0-0 12. exd5 Nxd5 13. Nc3 Rb8 14. Nxd5 exd5 15. Qxd5 Be6 16. Qxd8 Rfxd8 17. Rb1 Bc3 18. Bg5 Bxe1 19. Bxd8 Rxd8 20. Rxe1 Rd2 21. b4 Rxa2 22. b5 Ra5 23. Bc6 Kf8 24. Rb1 Bf5 25. Re1 Be6 26. Rb1 Bf5 27. b6 axb6 28. Rxb6 Rc5 29. h4 h5 30. Bf3 Kg7 31. Kg2 Be6 32. Rd6 1/2-1/2

[Event "Stjernen NGP B"]
[Site "Oslo"]
[Date "2018.06.10"]
[Round "5"]
[White "Unneland, Arne"]
[Black "Olsen, William Alexander"]
[Result "1-0"]
[WhiteElo "1614"]
[BlackElo "1359"]
[PlyCount "93"]
[EventDate "2018.06.08"]
[EventType "swiss"]
[EventRounds "6"]
[EventCountry "NOR"]
[SourceTitle "EXT 2024"]
[Source "ChessBase"]
[SourceDate "2023.10.10"]
[SourceVersion "1"]
[SourceVersionDate "2023.10.10"]
[SourceQuality "1"]

1. c4 Nf6 2. Nc3 e6 3. g3 d5 4. cxd5 exd5 5. Bg2 c6 6. a3 d4 7. Ne4 Be6 8. Nxf6+ Qxf6 9. d3 Na6 10. Nf3 Nc5 11. b4 Nb3 12. Bg5 Qg6 13. Rb1 h6 14. Bf4 Rd8 15. Rxb3 Bxb3 16. Qxb3 Bd6 17. Bxd6 Rxd6 18. 0-0 0-0 19. Rc1 Re8 20. Rc2 Qf6 21. Qb2 g5 22. Bf1 Red8 23. Nd2 Qg6 24. Ne4 Rd5 25. Nc5 b6 26. Nb3 R5d6 27. Bg2 f5 28. Nd2 h5 29. Qc1 Rc8 30. Nf3 Qf6 31. Qxg5+ Qxg5 32. Nxg5 c5 33. Nh3 Rdd8 34. b5 Kf7 35. Nf4 Ke7 36. Nxh5 Kd6 37. Nf4 a6 38. bxa6 Ra8 39. Bxa8 Rxa8 40. a4 Rxa6 41. Rc4 Kc6 42. Ne6 Kd6 43. Ng7 Ke5 44. Kg2 Ra7 45. Nh5 Rh7 46. Nf4 Ra7 47. h4 1-0

[Event "Stjernen NGP B"]
[Site "Oslo"]
[Date "2018.06.09"]
[Round "3"]
[White "Olsen, William Alexander"]
[Black "Stein, Anders Ivan"]
[Result "1-0"]
[WhiteElo "1359"]
[BlackElo "1396"]
[PlyCount "79"]
[EventDate "2018.06.08"]
[EventType "swiss"]
[EventRounds "6"]
[EventCountry "NOR"]
[SourceTitle "EXT 2024"]
[Source "ChessBase"]
[SourceDate "2023.10.10"]
[SourceVersion "1"]
[SourceVersionDate "2023.10.10"]
[SourceQuality "1"]

1. d4 Nf6 2. c4 g6 3. Nc3 Bg7 4. e4 d6 5. Be3 0-0 6. f3 Bd7 7. Qd2 Nc6 8. d5 Ne5 9. h3 Bc8 10. f4 Ned7 11. Nf3 e6 12. Bd3 exd5 13. cxd5 Re8 14. 0-0 c6 15. dxc6 bxc6 16. Bc2 Nb6 17. b3 Qc7 18. Rad1 Rd8 19. a4 Be6 20. Nd4 Rd7 21. Nxe6 fxe6 22. g4 d5 23. e5 Ne8 24. a5 Nc8 25. b4 Rb8 26. Na4 Qb7 27. Nc5 Qc7 28. Nxe6 Qb7 29. Nc5 Qc7 30. Na6 Qb7 31. Nxb8 Qxb8 32. Bc5 Nc7 33. Rde1 Ne6 34. f5 Nxc5 35. bxc5 Bxe5 36. fxg6 hxg6 37. Qh6 Bh2+ 38. Kh1 Rd8 39. Qxg6+ Kh8 40. Qh7# 1-0